[Event "Pan American-ch School U11 12th"]
[Site "Callao"]
[Date "2023.10.19"]
[Round "6"]
[White "Jara Pino, Mateo Stefano"]
[Black "Ramirez Mori, Jael Eduardo"]
[Result "1-0"]
[WhiteElo "1319"]
[BlackElo "1003"]
[PlyCount "61"]
[EventDate "2023.10.16"]
[EventType "swiss"]
[EventRounds "9"]
[EventCountry "PER"]
[SourceTitle "CB48_2023"]
[SourceDate "2023.11.29"]
[SourceVersion "1"]
[SourceVersionDate "2023.11.29"]
[SourceQuality "1"]

1. e4 e5 2. Nf3 Nc6 3. Bb5 a6 4. Ba4 Nf6 5. 0-0 b5 6. Bb3 Bc5 7. c3 d6 8. d4 Ba7 9. Bg5 h6 10. Bd5 Bd7 11. Bxf6 Qxf6 12. dxe5 dxe5 13. Qb3 Rb8 14. Rd1 Rd8 15. Bxc6 Bxc6 16. Rxd8+ Kxd8 17. Nbd2 Ke7 18. Qa3+ Kd7 19. Rd1 Ra8 20. Nxe5+ Ke8 21. Nef3 g5 22. Nb3 Bxe4 23. Re1 Qg6 24. Ne5 Qf5 25. Nc5 Bd5 26. g4 Bxc5 27. Qxc5 Qe6 28. Nd3 Be4 29. f3 Qb6 30. Rxe4+ Kd8 31. Rd4+ 1-0

[Event "Pan American-ch School U11 12th"]
[Site "Callao"]
[Date "2023.10.18"]
[Round "5"]
[White "Ccoica Pineda, Daryl Merlle Da"]
[Black "Jara Pino, Mateo Stefano"]
[Result "0-1"]
[WhiteElo "1103"]
[BlackElo "1319"]
[PlyCount "76"]
[EventDate "2023.10.16"]
[EventType "swiss"]
[EventRounds "9"]
[EventCountry "PER"]
[SourceTitle "CB48_2023"]
[SourceDate "2023.11.29"]
[SourceVersion "1"]
[SourceVersionDate "2023.11.29"]
[SourceQuality "1"]

1. d4 d5 2. Nf3 Nf6 3. e3 e6 4. Bd3 c5 5. c3 Nc6 6. Nbd2 b6 7. Qe2 Bb7 8. 0-0 Bd6 9. Re1 0-0 10. e4 dxe4 11. Nxe4 Be7 12. dxc5 bxc5 13. Nxf6+ Bxf6 14. Bf4 Re8 15. Rad1 Qa5 16. Qe4 g6 17. a3 Qb6 18. Qe2 e5 19. Bg5 Bg7 20. Qc2 Nd8 21. Be4 Ne6 22. Bxb7 Qxb7 23. Bh4 Nf4 24. Bg3 e4 25. Ng5 Nd3 26. Rxe4 Rxe4 27. Nxe4 c4 28. f3 f5 29. Nf2 Qxb2 30. Qxb2 Nxb2 31. Rc1 Re8 32. Nh3 Re3 33. Bf2 Rxc3 34. Rxc3 Bxc3 35. Bxa7 Na4 36. Kf2 Bb2 37. Ke2 Bxa3 38. Kd2 Bd6 0-1

[Event "Pan American-ch U10"]
[Site "Montevideo"]
[Date "2022.06.27"]
[Round "2"]
[White "Muniz, Facundo"]
[Black "Jara Pino, Mateo Stefano"]
[Result "0-1"]
[WhiteElo "1195"]
[BlackElo "1464"]
[PlyCount "76"]
[EventDate "2022.06.26"]
[EventType "swiss"]
[EventRounds "9"]
[EventCountry "URU"]
[SourceTitle "EXT 2023"]
[Source "ChessBase"]
[SourceDate "2022.10.05"]
[SourceVersion "1"]
[SourceVersionDate "2022.10.05"]
[SourceQuality "1"]

1. e4 c5 2. Nc3 Nc6 3. Bc4 e6 4. f4 a6 5. a4 Nge7 6. Nf3 d5 7. Ba2 g6 8. d3 Bg7 9. 0-0 0-0 10. Qe1 Nd4 11. Nxd4 Bxd4+ 12. Kh1 Rb8 13. f5 exf5 14. Nxd5 Nxd5 15. exd5 b5 16. Qg3 Bd7 17. c3 Bg7 18. Bf4 Rb7 19. axb5 axb5 20. Bd6 Re8 21. Bxc5 Re2 22. Rf2 Qe8 23. h3 Re1+ 24. Rxe1 Qxe1+ 25. Kh2 Be5 26. Rf4 Qxg3+ 27. Kxg3 g5 28. Be3 gxf4+ 29. Bxf4 Bxf4+ 30. Kxf4 f6 31. d4 Kf8 32. Bb3 Ke7 33. Ke3 Kd6 34. h4 Ra7 35. Kd2 Ra1 36. Bd1 Rxd1+ 37. Kxd1 b4 38. Kd2 f4 0-1